Real and Complex Analysis / (Record no. 607129)

000 -LEADER
fixed length control field 00312nam a22001337a 4500
040 ## - CATALOGING SOURCE
Transcribing agency NUST
082 ## - DEWEY DECIMAL CLASSIFICATION NUMBER
Classification number 515
Author Mark RUD
100 ## - MAIN ENTRY--PERSONAL NAME
Personal name Rudin, Walter
9 (RLIN) 74778
245 ## - TITLE STATEMENT
Title Real and Complex Analysis /
Statement of responsibility, etc. Walter Rudin
260 ## - PUBLICATION, DISTRIBUTION, ETC.
Place of publication, distribution, etc. New York :
Name of publisher, distributor, etc. McGraw Hill;
Date of publication, distribution, etc. 1970.
300 ## - PHYSICAL DESCRIPTION
Extent 424p.
521 ## - TARGET AUDIENCE NOTE
Source HB
942 ## - ADDED ENTRY ELEMENTS (KOHA)
Source of classification or shelving scheme
Koha item type Book
Holdings
Withdrawn status Lost status Source of classification or shelving scheme Damaged status Not for loan Permanent Location Current Location Shelving location Date acquired Total Checkouts Full call number Barcode Date last seen Price effective from Koha item type
          School of Mechanical & Manufacturing Engineering (SMME) School of Mechanical & Manufacturing Engineering (SMME) Aerospace Engineering 11/30/2023   515 RUD SMME-4528 11/30/2023 11/30/2023 Book
          School of Mechanical & Manufacturing Engineering (SMME) School of Mechanical & Manufacturing Engineering (SMME) Aerospace Engineering 11/30/2023   515 RUD SMME-4529 11/30/2023 11/30/2023 Book
          School of Mechanical & Manufacturing Engineering (SMME) School of Mechanical & Manufacturing Engineering (SMME) Aerospace Engineering 11/30/2023   515 RUD SMME-4530 11/30/2023 11/30/2023 Book
© 2023 Central Library, National University of Sciences and Technology. All Rights Reserved.